Binbirkilise (Record no. 3074)

MARC details
000 -BAŞLIK
Sabit Uzunlukta Kontrol Alanı 00768na a2200253 4500
001 - KONTROL NUMARASI
Denetim Alanı 23743
003 - KONTROL NUMARASI IDENTIFIER
Denetim Alanı MIRAKIL
005 - SON İŞLEM TARİHİ VE ZAMANI
Denetim Alanı 20181213154919.0
008 - SABİT-BOY VERİ ELEMANLARI - GENEL BİLGİLER
Sabit Uzunlukta Kontrol Alanı 171219b tu 000 0
020 ## - ULUSLARARASI STANDART KİTAP NUMARASI
Uluslararası Standart Kitap Numarası 9786058531109
040 ## - KATALOGLAMA KAYNAK
Orijinal Kataloglama Ajansı Milas
Kataloglama Dili tur
Metne Dönüştürmek Ajansı TR-AnCHP
041 ## - DİL KODU
Metin / Ses Parça Veya Ayrı Başlığın Dil Kodu tur
082 ## - DEWEY ONLU SINIFLANDIRMA NUMARASI
Sınıflandırma Numarası 939.2
Ürün Numarası E95b 2014
090 ## - SINIFLAMA NUMARASI
Sınıflama Numarası 939.2 E95b 2014
100 ## - ANA GİRİŞ - KİŞİSEL İSİM
Kişisel Ad Eyice, Semavi
245 ## - BAŞLIK TABLOSU
Başlık Binbirkilise
Başlığın Kalan Karadağ
Sorumluluk Tablosu, Vb Semavi Eyice ; editör İlker Mete Mimiroğlu
260 ## - YAYIN, DAĞITIM, VB
Yayın, Dağıtım, Vb Yeri Konya
Yayıncı, Dağıtıcı, Vs Adı Karaman Belediyesi Kültür yayınları
Yayın, Dağıtım, Vb Tarihi 2014
300 ## - FİZİKSEL TANIM
Kapsam 245 s.
Diğer Fiziksel Ayrıntıları fotğ.
Boyutlar 26
650 ## - KONU KATMA GİRİŞ - TOPİKAL DÖNEM
Topikal Süreli Veya Coğrafi Ad Giriş Elemanı Mimari yapılar
Genel Alt Bölümü Kiliseler
Kronolojik Alt Bölümü Tarih
Coğrafi Alt Bölümü Anadolu
650 ## - KONU KATMA GİRİŞ - TOPİKAL DÖNEM
Topikal Süreli Veya Coğrafi Ad Giriş Elemanı Anadolu (Türkiye)
Genel Alt Bölümü İnanışlar
Kronolojik Alt Bölümü Tarih
650 ## - KONU KATMA GİRİŞ - TOPİKAL DÖNEM
Topikal Süreli Veya Coğrafi Ad Giriş Elemanı Tarih
Genel Alt Bölümü Anadolu (Türkiye)
700 ## - KATMA GİRİŞ - KİŞİSEL İSİM
Kişisel Ad Mimiroğlu, İlker Mete
942 ## - EKLENDİ GİRİŞ ELEMANLARI (KOHA)
Sınıflandırma Veya Raf Düzeni Kaynak Dewey Decimal Classification
Koha Öğesi Türü Books
999 ## - SİSTEM KONTROL NUMARALARI (KOHA)
Koha Biblionumber 3074
Koha Biblioitemnumber 3074
Holdings
Kalıcı Konum Mevcut Konum Edinme Tarihi Edinim Kaynak Toplam Check-Out'Lar Tam Çağrı Numarası Barkod Tarih Son Görülme İtibaren Geçerli Fiyatlar Koha Öğesi Türü
CHP Kütüphanesi CHP Kütüphanesi 12/19/2017 Bağış   939.2 E95b 2014 017738 12/19/2017 12/19/2017 Books